000 00667nam a2200241Ia 4500
003 OSt
005 20220928125734.0
006 a|||||r|||| 00| 0
007 ta
008 220927b |||||||| |||| 00| 0 eng d
024 _a43074
037 _cTextual
040 _aSDCL
_cSDCL
_beng
041 _2eng
_aeng
082 _aD65,8, P5
100 _aDiffenderfer Robert
_9417529
245 0 _aElectronic devices
_b Systems & applications.
260 _aAustralia
_bCengage Learning
_c2005
300 _axviii,574p.
_ccm.
650 _aElectronic Circuits
942 _hD65,8, P5
_cTEXL
_2CC
999 _c783969
_d783969